000 00805nam a2200253Ia 4500
003 OSt
005 20220923222816.0
006 a|||||r|||| 00| 0
007 ta
008 220922b |||||||| |||| 00| 0 hin d
024 _a208,219
037 _cTextual
040 _aARTS
_cARTS
_bhin
041 _2hin
_ahin
082 _aO152,3NSH25,MK, M1
100 _aश्रीवास्तव, हिमांशु
245 0 _aमन के वन में
246 _ahin ke van mean
260 _aदिल्ली
_b किताबघर
_c1981
300 _a262पृ.
_ccm.
650 _aहिन्दी साहित्य
_9156264
942 _hO152,3NSH25,MK, M1
_cTEXL
_2CC
999 _c358815
_d358815